LEADER 00521naa a2200145 i 4500 001 000000300119 003 CaOOAMICUS 005 20180831172657.0 008 180831n xx u000 u und u 013 $a7788 040 $aSeMil$bita 100 1 $aMerigliano, Luciano.$0(OLS)http://semarc/name/86223 245 10$aInformatica per la didattica. 773 0 $tInformatica e uomo.$dPadova : Messaggero, copyr. 1984.$kInformatica e pastorale$z88-7026-581-1$w()34407 996 $6245$aInformatica per la didattica$9(OLS)http://semarc/title/376134 LEADER 01309nam a2200265 i 4500 001 000000016435 003 CaOOAMICUS 005 20191105092744.0 008 180830s1971 it u000 u ita u 040 $aSeMil$bita 100 1 $aMasaryk, Thomas G.$0(OLS)http://semarc/name/7569 245 13$aLa Russia e l'Europa :$bstudi sulle correnti spirituali in Russia /$cThomas G. Masaryk ; a cura di Ettore Lo Gatto. 250 $aNuova edizione completamente riveduta con aggiornamento storico e bibliografico. 260 $aBologna :$bMassimiliano Boni,$c1971- 300 $a2 v. ;$c23 cm. 650 4$aRussia - Storia.$0(OLS)http://semarc/subject/2443 650 4$aRussia - Spiritualitą.$0(OLS)http://semarc/subject/2682 650 4$aRussia - Cultura.$0(OLS)http://semarc/subject/2683 700 0 $aLo Gatto, Ettore,$d<1890-1983>.$0(OLS)http://semarc/name/6120 774 0 $aMasaryk, Thomas G.$tVolume primo.$kBiblioteca di cultura$w()153634 774 0 $aMasaryk, Thomas G.$tVol. 2.$kBiblioteca di cultura$w()153635 830 0$aBiblioteca di cultura.$0(OLS)http://semarc/title/6149 996 $6245$aLa Russia e l'Europa :$bstudi sulle correnti spirituali in Russia$9(OLS)http://semarc/title/21734 996 $6260$aBologna :$bMassimiliano Boni$9(OLS)http://semarc/publisher/31742